|
|
|
|
| LEADER |
00000nam a2200000Ii 4500 |
| 001 |
DIGSANTU0006 |
| 003 |
NyNyDIG |
| 006 |
m o d |
| 007 |
cr ||||||||||| |
| 008 |
130901s2007 dr o 000 p spa d |
| 020 |
|
|
|z 9789945068214
|
| 020 |
|
|
|z 9945068210
|
| 035 |
|
|
|a (OCoLC)888276255
|
| 040 |
|
|
|a DGITA
|b eng
|e pn
|c DGITA
|
| 050 |
1 |
4 |
|a PQ7409.2.P42 eBook
|
| 100 |
1 |
|
|a Pérez, Isael,
|d 1961-
|
| 245 |
1 |
0 |
|a Burocratas del polvo, y, A ras de tierra /
|c Isael Pérez.
|
| 246 |
3 |
3 |
|a A ras de tierra
|
| 264 |
|
1 |
|a Santo Domingo, D.R.:
|b Editorial Buho,
|c 2006.
|
| 300 |
|
|
|a 1 online resource (98 pages)
|
| 336 |
|
|
|a text
|b txt
|2 rdacontent
|
| 337 |
|
|
|a computer
|b c
|2 rdamedia
|
| 338 |
|
|
|a online resource
|b cr
|2 rdacarrier
|
| 490 |
1 |
|
|a [Colección Santuario] ;v[31]
|
| 500 |
|
|
|a Poems.
|
| 655 |
|
0 |
|a Electronic books.
|
| 791 |
2 |
|
|a Digitalia (Firm),
|e distributor.
|
| 830 |
|
0 |
|a Colección Santuario ;v[31]
|
| 793 |
0 |
|
|g Digitalia eBook Collection:
|a Santuario
|
| 856 |
4 |
0 |
|3 Digitalia Hispánica
|u https://www.digitaliapublishing.com/a/8817/
|
| 910 |
|
|
|a Premium Collection: 2007-2012
|